Miejscowości w Polish Car Driving - Statystyki

Ogólne statystyki
  • Ten quiz został rozwiązany 35 razy
    17 od ostatniego zresetowania
  • Średni wynik to 16 z 20
Statystyki odpowiedzi
Rodzaj Nazwa % Poprawnych
Miasto gminne Darłowo
100%
Wieś gminna Malechowo
100%
Wieś Bobrowice
90%
Wieś Bobrowiczki
90%
Mała osada Darłowiec
90%
Wieś Domasławice
90%
Osada leśna Grzybno
90%
Wieś Karwice
90%
Wieś Krupy
90%
Wieś Malechówko
90%
Wieś Rusko
90%
Miasto powiatowe Sławno
90%
Wieś Słowino
90%
Wieś Smardzewo
90%
Wieś Stary Jarosław
90%
Osada leśna Pątnowo
80%
Osada Sęczkowo
80%
Wieś Rzyszczewo
60%
Wieś Nowy Jarosław
20%
Wieś Sińczyca
20%
Nie znaleziono quizów pasujących do podanych kryteriów
Rozkład punktacji
Procent ludzi z każdym wynikiem
Percentyl według liczby udzielonych odpowiedzi
Twoja historia wyników
Nie rozwiązałeś tego quizu od ostatniego zresetowania